[Event "1st Banja Luka it"]
[Site "Banja Luka YUG"]
[Date "1974.10.14"]
[Round "1"]
[White "Kuzmin, Gennady"]
[Black "Ivkov, Borislav"]
[Result "1/2-1/2"]
[WhiteElo "2600"]
[BlackElo "2530"]
[EventDate "1974.10.10"]
[PlyCount "62"]

1.Nf3 Nf6 2.c4 e6 3.d4 b6 4.g3 Bb7 5.Bg2 Be7 6.O-O O-O 7.b3 c5 8.Bb2 cxd4 
9.Nxd4 Bxg2 10.Kxg2 d5 11.Nd2 Qd7 12.Rc1 Nc6 13.Nxc6 Qxc6 14.cxd5 Qxd5+ 
15.Nf3 Rfd8 16.Qc2 Qb7 17.Qc7 Qxc7 18.Rxc7 Bd6 19.Rc2 Nd5 20.a3 Rac8 21.
Rfc1 Rxc2 22.Rxc2 Ne7 23.e4 Kf8 24.Kf1 Bb8 25.Ke2 Rc8 26.Rd2 Nc6 27.Bc3 f6
28.a4 Ke7 29.b4 Ne5 30.Bxe5 Bxe5 31.Nxe5 fxe5 1/2-1/2

[Event "1st Banja Luka it"]
[Site "Banja Luka YUG"]
[Date "1974.10.14"]
[Round "1"]
[White "Timman, Jan"]
[Black "Hartoch, Robert"]
[Result "1/2-1/2"]
[WhiteElo "2540"]
[BlackElo "2370"]
[EventDate "1974.10.10"]
[PlyCount "23"]

1.e4 e6 2.d4 d5 3.Nd2 c5 4.exd5 exd5 5.Ngf3 Nc6 6.Bb5 Bd6 7.O-O Ne7 8.dxc5
Bxc5 9.Nb3 Bd6 10.c3 O-O 11.Nbd4 Bg4 12.Qa4 1/2-1/2

[Event "1st Banja Luka it"]
[Site "Banja Luka YUG"]
[Date "1974.10.10"]
[Round "1"]
[White "Marovic, Drazen"]
[Black "Mihaljcisin, Mihajlo"]
[Result "1/2-1/2"]
[WhiteElo "2490"]
[BlackElo "2320"]
[EventDate "1974.10.10"]
[PlyCount "42"]

1.c4 Nf6 2.Nc3 d5 3.cxd5 Nxd5 4.g3 g6 5.Bg2 Nb6 6.d3 Bg7 7.Be3 O-O 8.Qc1 
N8d7 9.Bh6 Nf6 10.Nf3 Re8 11.h4 Bxh6 12.Qxh6 Ng4 13.Qc1 h5 14.d4 c6 15.O-O
e5 16.dxe5 Nxe5 17.Ng5 Bf5 18.Qf4 Qe7 19.Rad1 Rad8 20.Nge4 Kg7 21.b3 Bxe4 
1/2-1/2

[Event "1st Banja Luka it"]
[Site "Banja Luka YUG"]
[Date "1974.10.10"]
[Round "1"]
[White "Bukic, Enver"]
[Black "Planinc, Albin"]
[Result "1/2-1/2"]
[WhiteElo "2450"]
[BlackElo "2545"]
[EventDate "1974.10.10"]
[PlyCount "28"]

1.Nf3 Nf6 2.c4 e6 3.g3 b6 4.Bg2 Bb7 5.d4 Be7 6.O-O O-O 7.Nc3 Ne4 8.Nxe4 
Bxe4 9.Ne1 Bxg2 10.Nxg2 c5 11.dxc5 bxc5 12.Bf4 Nc6 13.Bd6 Bxd6 14.Qxd6 Qb6
1/2-1/2

[Event "1st Banja Luka it"]
[Site "Banja Luka YUG"]
[Date "1974.10.10"]
[Round "1"]
[White "Mestrovic, Zvonimir"]
[Black "Popov, Luben"]
[Result "1-0"]
[WhiteElo "2400"]
[BlackElo "2460"]
[EventDate "1974.10.10"]
[PlyCount "85"]

1.d4 Nf6 2.Nc3 d5 3.Bg5 c5 4.Bxf6 gxf6 5.e4 dxe4 6.dxc5 f5 7.Qh5 e6 8.g4 
Bxc5 9.gxf5 Qd4 10.Qh4 e3 11.Qxd4 Bxd4 12.fxe3 Bxc3+ 13.bxc3 exf5 14.Ne2 
Rg8 15.Nf4 Nc6 16.O-O-O Be6 17.Bh3 Rd8 18.Rxd8+ Kxd8 19.Re1 Re8 20.a3 Ne5 
21.e4 fxe4 22.Nxe6+ fxe6 23.Rxe4 Nf3 24.Bg2 Ng5 25.Rg4 h6 26.Bxb7 Kc7 27.
Bg2 Re7 28.Ra4 Kd6 29.Kd2 Ke5 30.Ke3 Rc7 31.c4 Nf7 32.Ra5+ Kf6 33.Kd4 Nd6 
34.c5 Nf5+ 35.Kc3 e5 36.Ra6+ Kg5 37.Rc6 Re7 38.Be4 h5 39.Rc8 Nd4 40.Kd3 
Ne6 41.Ke3 Rc7 42.Rxc7 Nxc7 43.Bf3 1-0

[Event "1st Banja Luka it"]
[Site "Banja Luka YUG"]
[Date "1974.10.10"]
[Round "1"]
[White "Csom, Istvan"]
[Black "Tarjan, James Edward"]
[Result "1/2-1/2"]
[WhiteElo "2540"]
[BlackElo "2475"]
[EventDate "1974.10.10"]
[PlyCount "80"]

1.Nf3 Nf6 2.g3 g6 3.Bg2 Bg7 4.c4 O-O 5.d4 d5 6.O-O Nc6 7.Nbd2 dxc4 8.Nxc4 
Be6 9.b3 Bd5 10.Bb2 a5 11.Rc1 a4 12.bxa4 Ra6 13.Nfe5 Bxg2 14.Kxg2 Qa8 15.
Kg1 Rxa4 16.a3 Ra6 17.Qb3 e6 18.Rc2 Rd8 19.e3 Nxe5 20.Nxe5 Rb6 21.Qc4 c6 
22.Qe2 Qa4 23.Rfc1 Qb5 24.Nd3 Ne4 25.Rc4 Qa5 26.R1c2 Ra8 27.Nc5 Nxc5 28.
dxc5 Rb5 29.Bxg7 Kxg7 30.a4 Rb1+ 31.Kg2 Rd8 32.Rc1 Rd2 33.Qe1 Rbb2 34.Rd4 
e5 35.Rxd2 Qxd2 36.Qxd2 Rxd2 37.Rb1 Rc2 38.Rxb7 Rxc5 39.Rc7 Ra5 40.Rxc6 
Rxa4 1/2-1/2

[Event "1st Banja Luka it"]
[Site "Banja Luka YUG"]
[Date "1974.10.14"]
[Round "1"]
[White "Hort, Vlastimil"]
[Black "Damjanovic, Mato"]
[Result "1-0"]
[WhiteElo "2600"]
[BlackElo "2460"]
[EventDate "1974.10.10"]
[PlyCount "103"]

1.e4 c5 2.Nf3 Nc6 3.d4 cxd4 4.Nxd4 Qc7 5.Nc3 e6 6.Be2 a6 7.O-O Nf6 8.Be3 
b5 9.Nxc6 dxc6 10.f4 Bb7 11.e5 Nd5 12.Nxd5 cxd5 13.Bd3 Bc5 14.Bxc5 Qxc5+ 
15.Kh1 O-O 16.Qh5 g6 17.Qh4 f5 18.exf6 Qd4 19.Rae1 Qxf6 20.Qg4 Rae8 21.Re5
Re7 22.h4 Kh8 23.Kh2 Bc8 24.g3 Rc7 25.Rfe1 Rff7 26.R1e2 Rg7 27.Qg5 Qxg5 
28.hxg5 b4 29.Kg1 Rc6 30.Kf2 Rd6 31.Ke3 d4+ 32.Kd2 Rc7 33.Ra5 Bb7 34.a3 
bxa3 35.Rxa3 Kg7 36.Re5 Bc8 37.Ra4 Kf7 38.Rc4 Rxc4 39.Bxc4 Bb7 40.Rc5 Rd7 
41.g4 Ke7 42.Re5 Rd6 43.f5 gxf5 44.gxf5 Bc8 45.Kd3 Rb6 46.Bxe6 Bxe6 47.
Rxe6+ Rxe6 48.fxe6 Kxe6 49.Kxd4 Kf5 50.c4 Kxg5 51.Ke5 Kg6 52.Ke6 1-0

[Event "1st Banja Luka it"]
[Site "Banja Luka YUG"]
[Date "1974.10.15"]
[Round "2"]
[White "Ivkov, Borislav"]
[Black "Damjanovic, Mato"]
[Result "1/2-1/2"]
[WhiteElo "2530"]
[BlackElo "2460"]
[EventDate "1974.10.10"]
[PlyCount "80"]

1.Nf3 Nf6 2.c4 e6 3.g3 b6 4.Bg2 Bb7 5.O-O Be7 6.d4 O-O 7.Nc3 d5 8.Ne5 Nbd7
9.cxd5 Nxd5 10.Nxd5 exd5 11.Nd3 Re8 12.b4 Nf6 13.Bf4 Bd6 14.Bg5 h6 15.Bxf6
Qxf6 16.e3 c6 17.a4 Rad8 18.Qb3 h5 19.Rac1 a6 20.Rc3 h4 21.Rfc1 hxg3 22.
hxg3 Qf5 23.Qc2 g5 24.b5 cxb5 25.axb5 axb5 26.Qb3 Re6 27.Qxb5 Rde8 28.e4 
Rxe4 29.Qxb6 Bxg3 30.fxg3 Re2 31.Rf1 Qg4 32.Nf2 Qd7 33.Qc7 Qxc7 34.Rxc7 
Ba6 35.Ra1 Bc4 36.Raa7 Rb2 37.Rxf7 Re1+ 38.Kh2 Ree2 39.Rfc7 Rxf2 40.Rc8+ 
Rf8 1/2-1/2

[Event "1st Banja Luka it"]
[Site "Banja Luka YUG"]
[Date "1974.10.11"]
[Round "2"]
[White "Tarjan, James Edward"]
[Black "Vukic, Milan"]
[Result "1/2-1/2"]
[WhiteElo "2475"]
[BlackElo "2425"]
[EventDate "1974.10.10"]
[PlyCount "118"]

1.e4 c6 2.d4 d5 3.Nd2 dxe4 4.Nxe4 Bf5 5.Ng3 Bg6 6.h4 h6 7.Nf3 Nd7 8.h5 Bh7
9.Bd3 Bxd3 10.Qxd3 e6 11.Bd2 Qc7 12.c4 Ngf6 13.Qe2 Bd6 14.Nf5 Bf4 15.Bxf4 
Qxf4 16.Ne3 Qc7 17.O-O-O b5 18.c5 O-O 19.g4 Ne4 20.Ng2 Ndf6 21.Ne5 Rfd8 
22.Rhg1 Rxd4 23.Rxd4 Qxe5 24.Rgd1 Qxc5+ 25.Kb1 Ng5 26.Rd8+ Rxd8 27.Rxd8+ 
Kh7 28.Qd3+ Nfe4 29.Ne3 f5 30.gxf5 Nxf2 31.Qc2 Qxc2+ 32.Kxc2 Nfe4 33.Rc8 
Ng3 34.fxe6 Nxe6 35.Kd3 c5 36.Nd5 Nxh5 37.Ke4 c4 38.Kf5 Ng5 39.Kg4 Kg6 40.
Ne7+ Kf7 41.Rc7 g6 42.Rxa7 Nf6+ 43.Kg3 Ke6 44.Nxg6 Kd5 45.Kf4 Kd4 46.Kf5 
Nd5 47.Rd7 Kc5 48.Nf4 Nb6 49.Re7 Na4 50.Re5+ Kc6 51.b3 Nc3 52.bxc4 bxc4 
53.a3 Nf3 54.Re3 Nd4+ 55.Ke5 Ndb5 56.Ne6 Kb6 57.Nd4 Nb1 58.Nc2 Ka5 59.Ke4 
c3 1/2-1/2

[Event "1st Banja Luka it"]
[Site "Banja Luka YUG"]
[Date "1974.10.11"]
[Round "2"]
[White "Popov, Luben"]
[Black "Csom, Istvan"]
[Result "1/2-1/2"]
[WhiteElo "2460"]
[BlackElo "2540"]
[EventDate "1974.10.10"]
[PlyCount "38"]

1.d4 Nf6 2.c4 e6 3.Nf3 d5 4.Nc3 Be7 5.Bg5 Nbd7 6.e3 O-O 7.Rc1 a6 8.c5 c6 
9.Bd3 b6 10.cxb6 c5 11.O-O Bb7 12.Na4 c4 13.Be2 Bc6 14.Nc3 Qxb6 15.Ne5 
Rfc8 16.Rb1 Bb4 17.Nxc6 Qxc6 18.Qc2 Rab8 19.Bf4 Rb7 1/2-1/2

[Event "1st Banja Luka it"]
[Site "Banja Luka YUG"]
[Date "1974.10.11"]
[Round "2"]
[White "Planinc, Albin"]
[Black "Mestrovic, Zvonimir"]
[Result "1-0"]
[WhiteElo "2545"]
[BlackElo "2400"]
[EventDate "1974.10.10"]
[PlyCount "29"]

1.e4 c5 2.Nf3 Nc6 3.d4 cxd4 4.Nxd4 Nf6 5.Nc3 d6 6.Bg5 Bd7 7.Qd2 Rc8 8.f4 
h6 9.Bxf6 gxf6 10.O-O-O Nxd4 11.Qxd4 Qa5 12.Kb1 Qc5 13.Qd2 Bc6 14.Nd5 e6 
15.b4 1-0

[Event "1st Banja Luka it"]
[Site "Banja Luka YUG"]
[Date "1974.10.11"]
[Round "2"]
[White "Mihaljcisin, Mihajlo"]
[Black "Bukic, Enver"]
[Result "0-1"]
[WhiteElo "2320"]
[BlackElo "2450"]
[EventDate "1974.10.10"]
[PlyCount "84"]

1.e4 c5 2.c3 d5 3.exd5 Qxd5 4.d4 e6 5.Nf3 Nc6 6.Be2 Nf6 7.Na3 Qd8 8.Nc2 
Be7 9.O-O O-O 10.Ne5 cxd4 11.Nxc6 bxc6 12.Qxd4 c5 13.Qxd8 Rxd8 14.Bf3 Rb8 
15.b3 Bb7 16.Bxb7 Rxb7 17.Be3 Nd5 18.Rad1 Nxc3 19.Rxd8+ Bxd8 20.Bxc5 Nxa2 
21.g3 Rc7 22.Ra1 Rxc5 23.Rxa2 Bb6 24.Ne3 Rc1+ 25.Kg2 h5 26.Nc4 Rc3 27.Na5 
Kf8 28.b4 Ke7 29.b5 Bxa5 30.Rxa5 Rc7 31.b6 axb6 32.Rxh5 Kd6 33.Rb5 Kc6 34.
Rb1 b5 35.h4 Rd7 36.g4 f6 37.f4 Rd4 38.Kf3 Rd3+ 39.Ke4 Rh3 40.h5 Rg3 41.h6
gxh6 42.Rh1 b4 0-1

[Event "1st Banja Luka it"]
[Site "Banja Luka YUG"]
[Date "1974.10.15"]
[Round "2"]
[White "Hartoch, Robert"]
[Black "Marovic, Drazen"]
[Result "1/2-1/2"]
[WhiteElo "2370"]
[BlackElo "2490"]
[EventDate "1974.10.10"]
[PlyCount "92"]

1.e4 e6 2.d4 d5 3.Nc3 Bb4 4.Bd2 dxe4 5.Qg4 Nf6 6.Qxg7 Rg8 7.Qh6 b6 8.O-O-O
Bb7 9.Nge2 Nbd7 10.h3 Bf8 11.Qe3 c5 12.f4 exf3 13.gxf3 Qc7 14.Qf2 Qc6 15.
Bg2 O-O-O 16.Rhe1 b5 17.Ne4 Nd5 18.Bh1 cxd4 19.Nxd4 Qb6 20.Nb3 Qxf2 21.
Nxf2 N7b6 22.Na5 Ba8 23.Ne4 Be7 24.f4 h6 25.Rf1 f5 26.Nf2 Bd6 27.Nd3 Rg3 
28.Rde1 Nc4 29.Rxe6 Nxd2 30.Kxd2 Bxf4+ 31.Ke2 Bc7 32.Nc6 Bxc6 33.Rxc6 Rxh3
34.Bxd5 Rxd5 35.Rg1 Kd7 36.Rgg6 Rh2+ 37.Ke1 Rh1+ 38.Ke2 Rh2+ 39.Kf1 h5 40.
Nc5+ Kc8 41.Rg8+ Rd8 42.Rxc7+ Kxc7 43.Ne6+ Kd7 44.Nxd8 Rxc2 45.Nb7 Rxb2 
46.Rg7+ Kc6 1/2-1/2

[Event "1st Banja Luka it"]
[Site "Banja Luka YUG"]
[Date "1974.10.12"]
[Round "3"]
[White "Bukic, Enver"]
[Black "Hartoch, Robert"]
[Result "1/2-1/2"]
[WhiteElo "2450"]
[BlackElo "2370"]
[EventDate "1974.10.10"]
[PlyCount "76"]

1.Nf3 g6 2.c4 Bg7 3.d4 c5 4.d5 f5 5.g3 Nf6 6.Bg2 O-O 7.O-O Na6 8.Nc3 d6 9.
Rb1 Nc7 10.a3 e5 11.dxe6 Nxe6 12.b3 Re8 13.Bb2 Kh8 14.e3 Qe7 15.Qc2 Bd7 
16.Rbd1 Rad8 17.Nh4 Bc6 18.Nd5 Bxd5 19.Bxd5 Ng5 20.Ng2 Nxd5 21.Rxd5 Kg8 
22.Bxg7 Qxg7 23.Nf4 Nf7 24.Rfd1 Re4 25.Ne2 a6 26.Qc3 Ree8 27.Kg2 Rb8 28.a4
b5 29.axb5 axb5 30.Qxg7+ Kxg7 31.Nc3 bxc4 32.bxc4 Rb4 33.Nb5 Rxc4 34.Nxd6 
Nxd6 35.Rxd6 Re7 36.Rd7 Rxd7 37.Rxd7+ Kh6 38.h4 Rc2 1/2-1/2

[Event "1st Banja Luka it"]
[Site "Banja Luka YUG"]
[Date "1974.10.12"]
[Round "3"]
[White "Mestrovic, Zvonimir"]
[Black "Mihaljcisin, Mihajlo"]
[Result "1/2-1/2"]
[WhiteElo "2400"]
[BlackElo "2320"]
[EventDate "1974.10.10"]
[PlyCount "82"]

1.Nc3 c5 2.e4 e6 3.f4 d5 4.e5 Nc6 5.Nf3 Nge7 6.Be2 Nf5 7.O-O Be7 8.Qe1 O-O
9.d3 f6 10.exf6 Bxf6 11.Bd1 Bd7 12.Ne2 Ncd4 13.Nexd4 Nxd4 14.c3 Nxf3+ 15.
Bxf3 Qe7 16.Qf2 Qd6 17.Bd2 Rae8 18.Rae1 Bb5 19.Be2 e5 20.d4 Bxe2 21.dxc5 
Qa6 22.Qxe2 Qxa2 23.Qb5 Qc4 24.Qxc4 dxc4 25.Re4 exf4 26.Rxc4 g5 27.c6 Rc8 
28.Ra1 Bd8 29.h4 h6 30.Kh2 Bb6 31.Re1 Rxc6 32.Rxc6 bxc6 33.hxg5 hxg5 34.
Kh3 Rd8 35.Re2 Rd3+ 36.Kg4 Rg3+ 37.Kf5 Kf7 38.Be1 Re3 39.Rxe3 Bxe3 40.c4 
Ke7 41.Bc3 Kd6 1/2-1/2

[Event "1st Banja Luka it"]
[Site "Banja Luka YUG"]
[Date "1974.10.12"]
[Round "3"]
[White "Csom, Istvan"]
[Black "Planinc, Albin"]
[Result "1-0"]
[WhiteElo "2540"]
[BlackElo "2545"]
[EventDate "1974.10.10"]
[PlyCount "85"]

1.Nf3 g6 2.d4 Bg7 3.c4 c5 4.e4 cxd4 5.Nxd4 Nc6 6.Be3 Nf6 7.Nc3 Ng4 8.Qxg4 
Nxd4 9.Qd1 Ne6 10.Rc1 O-O 11.Bd3 b6 12.O-O Bb7 13.b4 a5 14.a3 axb4 15.axb4
Ra3 16.Nb5 Ra2 17.Nc3 Ra3 18.Qd2 f5 19.Nd5 Bxd5 20.exd5 f4 21.dxe6 fxe3 
22.Qxe3 Rf6 23.exd7 Rd6 24.c5 Rdxd3 25.c6 Rdc3 26.Rfd1 Rxc1 27.Qxc1 Rc3 
28.Qxc3 Bxc3 29.c7 Qxc7 30.d8=Q+ Qxd8 31.Rxd8+ Kf7 32.b5 g5 33.Kf1 Kf6 34.
Ke2 Bb4 35.h4 gxh4 36.Rd4 Bc5 37.Rxh4 Kg6 38.g4 h6 39.Rh5 Bd6 40.Kd3 Bf4 
41.Ke4 Bd6 42.Kd5 Bc5 43.f4 1-0

[Event "1st Banja Luka it"]
[Site "Banja Luka YUG"]
[Date "1974.10.12"]
[Round "3"]
[White "Vukic, Milan"]
[Black "Popov, Luben"]
[Result "0-1"]
[WhiteElo "2425"]
[BlackElo "2460"]
[EventDate "1974.10.10"]
[PlyCount "82"]

1.Nf3 g6 2.d4 Nf6 3.c4 c5 4.g3 cxd4 5.Nxd4 Nc6 6.Bg2 Nxd4 7.Qxd4 d6 8.O-O 
Bg7 9.Nc3 O-O 10.Qd3 Bf5 11.e4 Be6 12.Bd2 Nd7 13.b3 Nc5 14.Qe2 a6 15.Rac1 
b5 16.Nd5 bxc4 17.Rxc4 Rb8 18.e5 Re8 19.b4 Nd7 20.Rcc1 Nxe5 21.f4 Bxd5 22.
Bxd5 e6 23.Bg2 Nd7 24.Qxa6 d5 25.a4 Nb6 26.a5 Nc4 27.Be1 Qc7 28.Kh1 Rec8 
29.Rf2 Qd7 30.Rfc2 Bf8 31.Rxc4 dxc4 32.Rxc4 Rxc4 33.Qxc4 Qd1 34.Qf1 Bxb4 
35.a6 Bc5 36.Bb7 Rd8 37.Kg2 Qc2+ 38.Kh3 Rd1 39.Bf3 Ra1 40.Bb7 h5 41.f5 Ra2
0-1

[Event "1st Banja Luka it"]
[Site "Banja Luka YUG"]
[Date "1974.10.12"]
[Round "3"]
[White "Hort, Vlastimil"]
[Black "Tarjan, James Edward"]
[Result "1/2-1/2"]
[WhiteElo "2600"]
[BlackElo "2475"]
[EventDate "1974.10.10"]
[PlyCount "39"]

1.d4 Nf6 2.c4 g6 3.Nc3 d5 4.cxd5 Nxd5 5.e4 Nxc3 6.bxc3 Bg7 7.Bb5+ Bd7 8.
Bd3 c5 9.Ne2 Nc6 10.Be3 O-O 11.Rb1 cxd4 12.cxd4 Bc8 13.Bc4 Qa5+ 14.Bd2 Qc7
15.Rc1 Qb6 16.Bc3 Rd8 17.d5 e6 18.O-O Na5 19.Bxg7 Kxg7 20.Qd2 1/2-1/2

[Event "1st Banja Luka it"]
[Site "Banja Luka YUG"]
[Date "1974.10.13"]
[Round "4"]
[White "Popov, Luben"]
[Black "Hort, Vlastimil"]
[Result "1/2-1/2"]
[WhiteElo "2460"]
[BlackElo "2600"]
[EventDate "1974.10.10"]
[PlyCount "43"]

1.c4 Nf6 2.Nc3 e6 3.Nf3 b6 4.g3 Bb7 5.Bg2 Be7 6.d4 O-O 7.O-O Ne4 8.Nxe4 
Bxe4 9.Ne1 Bxg2 10.Nxg2 d5 11.cxd5 Qxd5 12.Nf4 Qb7 13.Be3 Nd7 14.Rc1 Rac8 
15.Nd3 Bd6 16.Qa4 c6 17.Bf4 Bxf4 18.Nxf4 c5 19.dxc5 Nxc5 20.Qa3 Rfd8 21.
Rfd1 a5 22.Nd3 1/2-1/2

[Event "1st Banja Luka it"]
[Site "Banja Luka YUG"]
[Date "1974.10.13"]
[Round "4"]
[White "Planinc, Albin"]
[Black "Vukic, Milan"]
[Result "1/2-1/2"]
[WhiteElo "2545"]
[BlackElo "2425"]
[EventDate "1974.10.10"]
[PlyCount "82"]

1.e4 c6 2.d3 d5 3.Nd2 g6 4.Ngf3 Bg7 5.g3 e5 6.Bg2 Ne7 7.O-O O-O 8.a4 a5 9.
Re1 Qc7 10.c3 Na6 11.exd5 cxd5 12.Nb1 Nc6 13.Na3 Bf5 14.Nh4 Be6 15.f4 exf4
16.Bxf4 Qd8 17.Nf3 d4 18.Nb5 Qd7 19.Bd6 Rfe8 20.Qd2 h6 21.Qf2 dxc3 22.bxc3
Bb3 23.Rf1 Rad8 24.Nd2 Be6 25.Nc4 Bxc4 26.dxc4 f5 27.Bd5+ Kh7 28.c5 Ne5 
29.Qg2 Nxc5 30.Bxc5 Qxd5 31.Qxd5 Rxd5 32.Nc7 Rxc5 33.Nxe8 Nc4 34.Nxg7 Kxg7
35.Rab1 b6 36.Rfd1 Kf6 37.Kf2 Kg5 38.Rd4 Rc6 39.Re1 Kf6 40.Re2 Nd6 41.h3 
Nf7 1/2-1/2

[Event "1st Banja Luka it"]
[Site "Banja Luka YUG"]
[Date "1974.10.13"]
[Round "4"]
[White "Mihaljcisin, Mihajlo"]
[Black "Csom, Istvan"]
[Result "1/2-1/2"]
[WhiteElo "2320"]
[BlackElo "2540"]
[EventDate "1974.10.10"]
[PlyCount "83"]

1.e4 c5 2.Nf3 d6 3.d4 Nf6 4.Nc3 cxd4 5.Nxd4 Nc6 6.Bg5 e6 7.Qd2 Nxd4 8.Qxd4
Bd7 9.O-O-O Qa5 10.f4 Be7 11.Bc4 h6 12.Bh4 Bc6 13.Rhe1 O-O 14.f5 exf5 15.
exf5 Bd8 16.g4 Qc5 17.h3 Nd5 18.Bxd8 Nxc3 19.Qxc5 dxc5 20.bxc3 Raxd8 21.
Rxd8 Rxd8 22.Re7 Rf8 23.Rc7 Bg2 24.h4 Bh3 25.g5 hxg5 26.hxg5 Bxf5 27.Rxb7 
Kh7 28.Bxf7 Bg6 29.Bxg6+ Kxg6 30.Rxa7 Rf5 31.Rc7 Rxg5 32.a4 Kf6 33.c4 Re5 
34.a5 Re6 35.Rxc5 g5 36.Rc8 Ra6 37.Kd2 Rxa5 38.Kd3 Ra7 39.Ke4 Re7+ 40.Kf3 
Rd7 41.Rc6+ Kf5 42.Rc5+ 1/2-1/2

[Event "1st Banja Luka it"]
[Site "Banja Luka YUG"]
[Date "1974.10.13"]
[Round "4"]
[White "Hartoch, Robert"]
[Black "Mestrovic, Zvonimir"]
[Result "0-1"]
[WhiteElo "2370"]
[BlackElo "2400"]
[EventDate "1974.10.10"]
[PlyCount "160"]

1.Nf3 Nc6 2.d4 d6 3.e4 g6 4.c3 Bg7 5.Nbd2 e5 6.dxe5 Nxe5 7.Nxe5 dxe5 8.b4 
Nf6 9.Qc2 O-O 10.Be2 b6 11.a4 Bb7 12.O-O Bh6 13.Bf3 Qe7 14.Nc4 Bxc1 15.
Rfxc1 a5 16.bxa5 Qc5 17.Nd2 bxa5 18.Rcb1 Bc6 19.Nb3 Qc4 20.Nd2 Qa6 21.Re1 
Rfd8 22.Be2 Qa7 23.Bf1 Rab8 24.Rab1 Rxb1 25.Nxb1 Qc5 26.h3 Rd4 27.Nd2 Bxa4
28.Qb2 Rd8 29.Ra1 Bc6 30.Nb3 Qb6 31.Rxa5 Rd1 32.Qc2 Re1 33.Rxe5 Bxe4 34.
Qa2 Qd6 35.f4 Qd1 36.Nd2 Re2 37.Rxe4 Rxd2 38.Qa8+ Rd8 39.Re1 Qd2 40.Re2 
Rxa8 41.Rxd2 Ra1 42.Rd4 Rc1 43.Kf2 Rxc3 44.Be2 Kg7 45.Bf3 Ne8 46.Rd7 Nd6 
47.g4 h6 48.Re7 Kf6 49.Re2 Nb5 50.Rd2 g5 51.fxg5+ hxg5 52.Rd5 c5 53.Rf5+ 
Kg6 54.h4 gxh4 55.Rh5 Nd4 56.Be4+ f5 57.Bxf5+ Nxf5 58.Rxf5 h3 59.Kg1 Rc2 
60.Rh5 h2+ 61.Kh1 Kf6 62.g5+ Kg7 63.Rh6 Rd2 64.Rc6 Rd5 65.Kxh2 Rxg5 66.Kh3
Kf7 67.Kh4 Re5 68.Kg4 Ke7 69.Kf4 Kd7 70.Ra6 Re8 71.Ra1 Kc6 72.Rc1 Kb5 73.
Rb1+ Kc4 74.Rc1+ Kb4 75.Rb1+ Ka3 76.Rc1 Rc8 77.Ke3 Kb2 78.Rc4 Kb3 79.Rc1 
Re8+ 80.Kd2 Rd8+ 0-1

[Event "1st Banja Luka it"]
[Site "Banja Luka YUG"]
[Date "1974.10.13"]
[Round "4"]
[White "Kuzmin, Gennady"]
[Black "Bukic, Enver"]
[Result "1/2-1/2"]
[WhiteElo "2600"]
[BlackElo "2450"]
[EventDate "1974.10.10"]
[PlyCount "101"]

1.e4 c5 2.Nf3 d6 3.d4 cxd4 4.Nxd4 Nf6 5.Nc3 a6 6.Bc4 e6 7.Bb3 b5 8.O-O Be7
9.Qf3 Qb6 10.Be3 Qb7 11.Qg3 g6 12.Bg5 b4 13.Qf3 Nbd7 14.Ba4 bxc3 15.Bxf6 
Bxf6 16.Qxf6 O-O 17.Bxd7 Qxd7 18.b3 Bb7 19.Rfe1 e5 20.Ne2 Rac8 21.Ng3 Qd8 
22.Qxd8 Rfxd8 23.Rad1 a5 24.Re3 a4 25.Ne2 axb3 26.axb3 f5 27.exf5 gxf5 28.
f3 Kf7 29.Rxc3 Rxc3 30.Nxc3 Ke6 31.Nb5 Bc6 32.Nc7+ Kd7 33.Na6 Ra8 34.Nb4 
Bb7 35.Kf2 Ke6 36.Rd3 Rc8 37.Re3 f4 38.Re1 Ra8 39.Re2 h5 40.c4 Ra1 41.Nd3 
Kf5 42.Rb2 e4 43.fxe4+ Bxe4 44.Ne1 Rc1 45.Nf3 Rc3 46.Nd4+ Ke5 47.Rd2 h4 
48.Nb5 Rxb3 49.Nxd6 Bc6 50.Nf7+ Kf5 51.Nh6+ 1/2-1/2

[Event "1st Banja Luka it"]
[Site "Banja Luka YUG"]
[Date "1974.10.13"]
[Round "4"]
[White "Timman, Jan"]
[Black "Marovic, Drazen"]
[Result "0-1"]
[WhiteElo "2540"]
[BlackElo "2490"]
[EventDate "1974.10.10"]
[PlyCount "54"]

1.e4 Nf6 2.e5 Nd5 3.d4 d6 4.c4 Nb6 5.f4 Bf5 6.Nc3 dxe5 7.fxe5 e6 8.Nf3 Nc6
9.Be3 Be7 10.d5 Nb4 11.Rc1 exd5 12.a3 c5 13.axb4 d4 14.Bxd4 cxd4 15.Qxd4 
Bxb4 16.c5 Nd5 17.Bb5+ Bd7 18.Qxd5 Bxb5 19.Qxb7 Rb8 20.Qe4 a5 21.Kf2 Bxc5+
22.Kg3 O-O 23.Rhd1 Qb6 24.Ng5 Bf2+ 25.Kf3 f5 26.exf6 Qxf6+ 27.Kg4 h5+ 0-1

[Event "1st Banja Luka it"]
[Site "Banja Luka YUG"]
[Date "1974.10.16"]
[Round "5"]
[White "Marovic, Drazen"]
[Black "Ivkov, Borislav"]
[Result "1-0"]
[WhiteElo "2490"]
[BlackElo "2530"]
[EventDate "1974.10.10"]
[PlyCount "99"]

1.d4 d5 2.c4 Nc6 3.Nf3 Bg4 4.cxd5 Bxf3 5.gxf3 Qxd5 6.e3 e6 7.Nc3 Bb4 8.Bd2
Bxc3 9.bxc3 Nge7 10.c4 Qf5 11.Rg1 Qf6 12.Rb1 Rb8 13.f4 O-O 14.Bc3 g6 15.
Rb3 Rfd8 16.Rg5 Qg7 17.d5 f6 18.Qa1 exd5 19.Bxf6 Qf7 20.cxd5 h6 21.Bh3 
Rxd5 22.Rxd5 Nxd5 23.Bb2 Re8 24.Kf1 Na5 25.Rd3 Nc4 26.Bc1 c6 27.Qd4 b5 28.
Bg2 Rd8 29.Kg1 Rd7 30.e4 Nf6 31.Qc3 Qe6 32.Bh3 Qe7 33.Bxd7 Nxd7 34.Qd4 Nf6
35.f3 Qb4 36.Bd2 Qe7 37.Bc3 Kf7 38.Kg2 a5 39.a4 Nh5 40.Bd2 Nxd2 41.Rxd2 
Nxf4+ 42.Kf2 Qh4+ 43.Kf1 Qh3+ 44.Kg1 Qxf3 45.Qd7+ Kf6 46.Qd8+ Ke5 47.Qd6+ 
Kxe4 48.Qxc6+ Ke3 49.Qxf3+ Kxf3 50.axb5 1-0

[Event "1st Banja Luka it"]
[Site "Banja Luka YUG"]
[Date "1974.10.16"]
[Round "5"]
[White "Mestrovic, Zvonimir"]
[Black "Kuzmin, Gennady"]
[Result "1/2-1/2"]
[WhiteElo "2400"]
[BlackElo "2600"]
[EventDate "1974.10.10"]
[PlyCount "72"]

1.Nc3 d5 2.d4 Nf6 3.Bg5 c6 4.e3 Bf5 5.Bd3 Bxd3 6.Qxd3 Nbd7 7.Nf3 e6 8.e4 
dxe4 9.Nxe4 Be7 10.Bxf6 Nxf6 11.Nxf6+ Bxf6 12.O-O-O Qa5 13.Kb1 O-O-O 14.
Rhe1 Rd7 15.Ne5 Bxe5 16.Rxe5 Qxe5 17.dxe5 Rhd8 18.Qxd7+ Rxd7 19.Rxd7 Kxd7 
20.c4 f6 21.exf6 gxf6 22.Kc2 Kd6 23.Kd3 Ke5 24.Ke3 Kf5 25.f3 c5 26.g3 Kg5 
27.Ke4 Kg6 28.Kf4 Kf7 29.Ke4 Kg6 30.Kf4 Kf7 31.g4 Kg6 32.Kg3 Kg5 33.f4+ 
Kg6 34.Kf3 f5 35.h3 h5 36.gxh5+ Kxh5 1/2-1/2

[Event "1st Banja Luka it"]
[Site "Banja Luka YUG"]
[Date "1974.10.16"]
[Round "5"]
[White "Csom, Istvan"]
[Black "Hartoch, Robert"]
[Result "1-0"]
[WhiteElo "2540"]
[BlackElo "2370"]
[EventDate "1974.10.10"]
[PlyCount "77"]

1.Nf3 g6 2.d4 Bg7 3.c4 c5 4.e4 Qa5+ 5.Bd2 Qb6 6.Bc3 Nf6 7.d5 O-O 8.Nbd2 d6
9.Be2 e5 10.O-O Nh5 11.g3 Bh6 12.Ne1 Ng7 13.f4 Bh3 14.Rf2 f5 15.Nd3 Nd7 
16.Bf1 Bg4 17.Qb3 exf4 18.Nxf4 Bxf4 19.gxf4 Qc7 20.h3 Bh5 21.Bxg7 Kxg7 22.
Qc3+ Kg8 23.exf5 gxf5 24.Rg2+ Bg6 25.Bd3 Rae8 26.h4 Nf6 27.Bxf5 Nh5 28.
Be6+ Rxe6 29.dxe6 Nxf4 30.Rf2 Nxe6 31.Rxf8+ Nxf8 32.Re1 d5 33.Qe5 Qc8 34.
Qxd5+ Kh8 35.Qe5+ Kg8 36.Qg5 Qh3 37.Re3 Qc8 38.h5 h6 39.Qg2 1-0

[Event "1st Banja Luka it"]
[Site "Banja Luka YUG"]
[Date "1974.10.16"]
[Round "5"]
[White "Vukic, Milan"]
[Black "Mihaljcisin, Mihajlo"]
[Result "1-0"]
[WhiteElo "2425"]
[BlackElo "2320"]
[EventDate "1974.10.10"]
[PlyCount "89"]

1.Nf3 Nf6 2.g3 g6 3.b3 Bg7 4.Bb2 O-O 5.Bg2 d5 6.c4 c6 7.O-O a5 8.d3 Qb6 9.
Nbd2 Rd8 10.Qc1 a4 11.c5 Qb5 12.Rb1 axb3 13.axb3 Nbd7 14.b4 Ra4 15.Bc3 Qa6
16.Ra1 Rxa1 17.Qxa1 Qxa1 18.Rxa1 Ne8 19.Bxg7 Kxg7 20.d4 Nc7 21.e3 Re8 22.
Bf1 e5 23.Nb3 exd4 24.Nfxd4 Nb8 25.Ra7 Kf8 26.h4 Nca6 27.b5 cxb5 28.Bxb5 
Rd8 29.Ra8 Bd7 30.Bxa6 bxa6 31.Na5 Nc6 32.Rxa6 Nxa5 33.Rxa5 Rc8 34.Kf1 h6 
35.Ke2 g5 36.hxg5 hxg5 37.Kd3 g4 38.Kc3 Ke7 39.Nc2 Rb8 40.Nb4 Ke6 41.Ra6+ 
Ke5 42.Rd6 Be8 43.Rxd5+ Ke4 44.Rd4+ Kf3 45.Rf4+ 1-0

[Event "1st Banja Luka it"]
[Site "Banja Luka YUG"]
[Date "1974.10.16"]
[Round "5"]
[White "Hort, Vlastimil"]
[Black "Planinc, Albin"]
[Result "1-0"]
[WhiteElo "2600"]
[BlackElo "2545"]
[EventDate "1974.10.10"]
[PlyCount "77"]

1.c4 g6 2.Nc3 Bg7 3.g3 c5 4.Bg2 Nc6 5.e3 e6 6.Nge2 Nge7 7.Nf4 O-O 8.O-O d6
9.b3 a6 10.Bb2 b5 11.d3 Bb7 12.Qe2 Rb8 13.Rfd1 Qd7 14.Rd2 f5 15.cxb5 axb5 
16.Nxb5 Bxb2 17.Rxb2 g5 18.Nh5 Ne5 19.d4 Bxg2 20.Kxg2 Qc6+ 21.e4 N5g6 22.
a4 fxe4 23.Kg1 cxd4 24.Nxd4 Qd5 25.Rd1 Ne5 26.Nf5 Nxf5 27.Rxd5 exd5 28.a5 
Rbc8 29.Kg2 Nd3 30.a6 Nxb2 31.Qxb2 d4 32.Kh3 Rc3 33.a7 e3 34.Nf6+ Kf7 35.
Ne4 Rc7 36.fxe3 g4+ 37.Kxg4 Nxe3+ 38.Kh3 Nf5 39.g4 1-0

[Event "1st Banja Luka it"]
[Site "Banja Luka YUG"]
[Date "1974.10.16"]
[Round "5"]
[White "Damjanovic, Mato"]
[Black "Popov, Luben"]
[Result "1/2-1/2"]
[WhiteElo "2460"]
[BlackElo "2460"]
[EventDate "1974.10.10"]
[PlyCount "32"]

1.e4 d6 2.d4 Nf6 3.Nc3 g6 4.f3 c6 5.Be3 b5 6.Qd2 Nbd7 7.Nh3 Nb6 8.Nf2 Qc7 
9.Be2 a6 10.O-O Bg7 11.Bh6 O-O 12.Ncd1 e5 13.c3 Be6 14.Bxg7 Kxg7 15.Ne3 
Rfe8 16.Rfd1 Rad8 1/2-1/2